000 004940000a22001810004500
001 002663
003 MACL
005 20151023094522.0
008 151023b xxu||||| |||| 00| 0 eng d
040 _aMACL
_cMACL
041 _aEnglish
082 _a954.04/KHO
100 _aKhoshoo, T.N.
_93685
245 _aMahatma Gandhi
_bAn Apostle Of Applied Human Ecology
_cT.N. Khoshoo
260 _aNew Delhi
_c1996
_bTata Energy Research Institute,
650 _aHistory
_916250
942 _k954
_cBK
_2ddc
999 _c14572
_d14572